| 000 | 01052nam a2200241 a 4500 | ||
|---|---|---|---|
| 001 | 59869 | ||
| 003 | BD-RjUL | ||
| 005 | 20230411121731.0 | ||
| 008 | 161227s1972 bg ||||| |||| 00| 0 ben d | ||
| 035 | _a(BD-RjUL)59993 | ||
| 040 |
_aBD-RjUL _bben _cBD-RjUL _dBD-RjUL |
||
| 041 | _aben | ||
| 082 |
_223 _a335.43 _bMAK 1972 |
||
| 100 |
_aমার্কস, কার্ল _9178130 |
||
| 245 | 1 | 0 |
_aকার্ল মার্কস ফ্রেডারিক এঙ্গেলস : _bরচনা-সংকলন / _cকার্ল মার্কস; ফ্রেডারিক এঙ্গেলস |
| 260 |
_aমস্কো : _bপ্রগতি প্রকাশন, _c১৯৭২. |
||
| 300 |
_a খণ্ড. ; _c২১ সেমি. |
||
| 505 | 0 | _a ১, ১ম অংশ -- খণ্ড ২, ১ম অংশ -- খণ্ড ২, ২য় অংশ -- | |
| 650 |
_aসাম্যবাদ _9172798 |
||
| 650 |
_aCommunism _9211123 |
||
| 700 |
_aফ্রেডারিক, এঙ্গেলস _97324 |
||
| 942 |
_2ddc _cBK |
||
| 999 |
_c59869 _d59869 |
||